000 02056nam0a2200385 4500
001 RU\NLR\bibl\1711682
005 20260405221518.0
010 _a5-93461-464-9
_9150
021 _aRU
_b2010-85910
_95743
035 _a(nilc)RSL-KNO-004823125
035 _a(NLR Aleph) 001702710
090 _a1230578
_c1230578
100 _a20101108d2010 |||y0rusy50 ca
101 0 _arus
_aeng
102 _aRU
105 _aa |||||||||
200 1 _aНаучная конференция: путь к эффективной презентации
_dAcademic conference: steps to effective presentation
_eучебное пособие
_e[для студентов технических вузов всех специальностей]
_fИ.С. Волегжанина, Э.М. Аникина
_gСиб. гос. ун-т путей сообщ. (НИИЖТ)
_zeng
210 _aНовосибирск
_cИзд-во Сибирского государственного университета путей сообщения
_d2010
215 _a75, [1] с.
_cил.
_d29
320 _aБиблиогр. в конце кн. (4 назв.)
510 1 _6z77790
_aAcademic conference: steps to effective presentation
_zeng
606 1 _aАнглийский язык
_jУчебные издания для высших учебных заведений
_9972309
_3RU\NLR\auth\6646032
686 _aШ143.21-923.2
_2rubbk
686 _aШ143.21-93рус3
700 1 _4070
_8rus
_7ca
_aВолегжанина
_bИ. С.
_gИрина Сергеевна
_3RU\NLR\auth\7799807
_982733
701 1 _4070
_8rus
_7ca
_aАникина
_bЭ. М.
_gЭлина Михайловна
_3RU\NLR\auth\7799816
_982742
790 1 _4070
_8rus
_7ba
_aVolegžanina
_bI. S.
_gIrina Sergeevna
_3RU\NLR\auth\7799810
_982736
790 1 _4070
_8rus
_7ba
_aAnikina
_bÉ. M.
_gIlina Michajlovna
_3RU\NLR\auth\7799819
_982745
801 0 _aRU
_bRuMoRKP
_c20101108
_grcr
801 1 _aRU
_bRuMoRGB
_c20101108
801 2 _aRU
_bNLR
_c20101209
_grcr
830 _aавт. по кн.
942 _cBOOK
980 _aNB